| 000 | 01062nas a2200337 4500 | ||
|---|---|---|---|
| 001 | BR2012007366 | ||
| 003 | BR-BrBNA | ||
| 005 | 20231205121317.0 | ||
| 007 | ta | ||
| 008 | 230509b bl.|||p| |||| 00| 00por d | ||
| 040 |
_aBR-BrBNA _bpor _cBiblioteca Nacional de Agricultura |
||
| 041 | _a(Pt) | ||
| 072 | _aL70 | ||
| 100 | 1 | _aOliveira, J.S. de | |
| 100 | 1 | _aRossi Júnior, J.L. | |
| 100 | 1 | _aLeite, F.L.G. | |
| 100 | 1 | _aOliveira, D.C. de | |
| 100 | 1 | _aCosta, L.A.V.S. | |
| 100 | 1 | _aSilva, I.C.C. da | |
| 100 | 1 | _aTeixeira, M.W. | |
| 100 | 1 | _aCosta, F.S. | |
| 245 | 1 | _aDensitometria da vértebra dorsal, osso pleural e osso neural em tatarugas verdes hígidas por tomografia computadorizada quantitativa | |
| 650 | _aTARTARUGA MARINHA | ||
| 650 | _aCOLUNA VERTEBRAL | ||
| 650 | _aTOMOGRAFIA | ||
| 650 | _aEFICIÊNCIA MINERAL | ||
| 650 | _aANÁLISE QUANTITATIVA | ||
| 773 | 0 |
_tCiência Rural (Brazil) _xISSN 0103-8478 _g(Aug 2012), v. 42(8) p. 1440-1445 _wBR2012007366 |
|
| 909 |
_a202311 _bLúcia _c55 _dLúcia Elande |
||
| 942 |
_2AGRIS _n0 _cANA |
||
| 999 |
_c222874 _d222874 |
||